000 00322 a2200157 4500
001 75328
020 _a
040 _cAnchieta - Colégio São Paulo
100 _aKubitschek, Juscelino
240 1 0 _a50 anos em 5
_lpor
245 1 0 _a50 anos em 5
300 _a454
362 0 _a1978
650 4 _aBrasil
942 _cBK
999 _c75328
_d75328